Oxford English-Urdu dictionary = (Record no. 3471)
[ view plain ]
| 000 -LEADER | |
|---|---|
| fixed length control field | 01096cam a2200349 a 4500 |
| 001 - CONTROL NUMBER | |
| control field | 11286493 |
| 003 - CONTROL NUMBER IDENTIFIER | |
| control field | OSt |
| 005 - DATE AND TIME OF LATEST TRANSACTION | |
| control field | 20170105101217.0 |
| 008 - FIXED-LENGTH DATA ELEMENTS--GENERAL INFORMATION | |
| fixed length control field | 140123r20131995pk d 000 0 eng d |
| 020 ## - INTERNATIONAL STANDARD BOOK NUMBER | |
| International Standard Book Number | 9780195793406 |
| 020 ## - INTERNATIONAL STANDARD BOOK NUMBER | |
| International Standard Book Number | 0195793404 |
| 035 ## - SYSTEM CONTROL NUMBER | |
| System control number | (OCoLC)869718149 |
| 035 ## - SYSTEM CONTROL NUMBER | |
| System control number | (POOF)31597 |
| 035 ## - SYSTEM CONTROL NUMBER | |
| System control number | (NNC)11286493 |
| 040 ## - CATALOGING SOURCE | |
| Original cataloging agency | DKAGE |
| Language of cataloging | eng |
| Transcribing agency | DKAGE |
| Modifying agency | OCLCO |
| -- | OCLCF |
| 041 0# - LANGUAGE CODE | |
| Language code of text/sound track or separate title | eng |
| -- | urd |
| 050 #4 - LIBRARY OF CONGRESS CALL NUMBER | |
| Classification number | PK1976 |
| Item number | .H37 2013 |
| 082 04 - DEWEY DECIMAL CLASSIFICATION NUMBER | |
| Classification number | 491.439321 |
| Edition number | 23 |
| 100 1# - MAIN ENTRY--PERSONAL NAME | |
| Personal name | Ḥaqqī, Shānulḥaq, |
| Dates associated with a name | 1917-2005. |
| 245 10 - TITLE STATEMENT | |
| Title | Oxford English-Urdu dictionary = |
| Remainder of title | Auksfarḍ Inglish Urdū ḍikshnarī / |
| Statement of responsibility, etc. | murattib va mutarjim, Shānulḥaq Ḥaqqī. |
| 246 31 - VARYING FORM OF TITLE | |
| Title proper/short title | Auksfarḍ Inglish Urdū ḍikshnarī |
| 260 ## - PUBLICATION, DISTRIBUTION, ETC. | |
| Place of publication, distribution, etc. | Karācī : |
| Name of publisher, distributor, etc. | Oxford University Press, |
| Date of publication, distribution, etc. | 2013. |
| 300 ## - PHYSICAL DESCRIPTION | |
| Extent | xxiv, 2099 p. ; |
| Dimensions | 25 cm. |
| 500 ## - GENERAL NOTE | |
| General note | Reprint of: 9th ed. 1995. |
| 546 ## - LANGUAGE NOTE | |
| Language note | English and Urdu. |
| 650 #0 - SUBJECT ADDED ENTRY--TOPICAL TERM | |
| Topical term or geographic name entry element | English language |
| Form subdivision | Dictionaries |
| General subdivision | Urdu. |
| 650 #7 - SUBJECT ADDED ENTRY--TOPICAL TERM | |
| Topical term or geographic name entry element | English language. |
| Source of heading or term | fast |
| 655 #7 - INDEX TERM--GENRE/FORM | |
| Genre/form data or focus term | Dictionaries. |
| Source of term | fast |
| 942 ## - ADDED ENTRY ELEMENTS (KOHA) | |
| Source of classification or shelving scheme | |
| Koha item type | Book |
| 948 1# - LOCAL PROCESSING INFORMATION (OCLC); SERIES PART DESIGNATOR (RLIN) | |
| Series part designator, SPT (RLIN) | 20150708 |
| b (OCLC) | c |
| c (OCLC) | as2107 |
| d (OCLC) | MPS |
| Withdrawn status | Lost status | Source of classification or shelving scheme | Damaged status | Not for loan | Collection code | Permanent Location | Current Location | Shelving location | Date acquired | Total Checkouts | Full call number | Barcode | Date last seen | Price effective from | Koha item type |
|---|---|---|---|---|---|---|---|---|---|---|---|---|---|---|---|
| Central Library (CL) | Central Library (CL) | General Stacks | 06/27/2016 | 491.439321 HAQ | S3H-S-807 | 03/19/2018 | 06/27/2016 | Book |
